Welcome to CU Library Online Public Access Catalogue (OPAC)

Introduction to law & paralegal studies / (Record no. 6019)

MARC details
000 -LEADER
fixed length control field 00832cam a2200229 a 4500
001 - CONTROL NUMBER
control field 14700906
005 - DATE AND TIME OF LATEST TRANSACTION
control field 20250528203310.0
008 - FIXED-LENGTH DATA ELEMENTS--GENERAL INFORMATION
fixed length control field 070117s2008 mau b 001 0 eng
020 ## - INTERNATIONAL STANDARD BOOK NUMBER
International Standard Book Number 9780073524634 (hbk. : alk. paper)
020 ## - INTERNATIONAL STANDARD BOOK NUMBER
International Standard Book Number 0073524638 (hbk. : alk. paper)
050 00 - LIBRARY OF CONGRESS CALL NUMBER
Classification number KF387
Item number .S396 2008
082 00 - DEWEY DECIMAL CLASSIFICATION NUMBER
Classification number 349.73
Edition information 22
100 1# - MAIN ENTRY--PERSONAL NAME
Personal name Scuderi, Connie Farrell.
245 10 - TITLE STATEMENT
Title Introduction to law & paralegal studies /
Statement of responsibility, etc. Connie Farrell Scuderi.
260 ## - PUBLICATION, DISTRIBUTION, ETC.
Place of publication, distribution, etc. Boston :
Name of publisher, distributor, etc. McGraw-Hill,
Date of publication, distribution, etc. c2008.
300 ## - PHYSICAL DESCRIPTION
Extent xix, 311 p. ;
Dimensions 29 cm.
650 #0 - SUBJECT ADDED ENTRY--TOPICAL TERM
Topical term or geographic name entry element Law
Geographic subdivision United States.
650 #0 - SUBJECT ADDED ENTRY--TOPICAL TERM
Topical term or geographic name entry element Legal assistants
Geographic subdivision United States.
856 41 - ELECTRONIC LOCATION AND ACCESS
Materials specified Table of contents only
Uniform Resource Identifier <a href="http://www.loc.gov/catdir/toc/ecip078/2007002140.html">http://www.loc.gov/catdir/toc/ecip078/2007002140.html</a>
856 42 - ELECTRONIC LOCATION AND ACCESS
Materials specified Publisher description
Uniform Resource Identifier <a href="http://www.loc.gov/catdir/enhancements/fy0810/2007002140-d.html">http://www.loc.gov/catdir/enhancements/fy0810/2007002140-d.html</a>
942 ## - ADDED ENTRY ELEMENTS (KOHA)
Source of classification or shelving scheme Library of Congress Classification
Koha item type Books
Suppress in OPAC No
999 ## -
-- 6019
-- 6019
Holdings
Withdrawn status Lost status Source of classification or shelving scheme Damaged status Not for loan Home library Current library Shelving location Date acquired Total checkouts Full call number Barcode Date last seen Copy number Price effective from Koha item type
    Library of Congress Classification     Law Library (Miotso) Law Library (Miotso) Reference 05/28/2025   KF387.S397 SCU LLM00001440 05/28/2025 1 05/28/2025 Books
© 2023-2024 Copyright: Central University Libraries. All Rights Reserved | Created by: Mahone Tech Office